Movies Quiz

Random Movies or Box Office Quiz

Highest Grossing One-Word Movie Per Letter Quiz Stats

 Plays Quiz Updated Jan 7, 2019

Challenge
Share
Tweet
Embed
Score 0/26 Timer 07:00
4 Plays Today
Letter - Domestic Grosses One-Word Movie % Correct
A - $760,507,625Avatar
93.9%
T - $658,672,302Titanic
91.4%
X - $157,299,717X-Men
85.4%
S - $403,706,375Spider-Man
83.6%
B - $251,188,924Batman
82.7%
D - $363,070,709Deadpool
73.5%
I - $327,481,748It
72.3%
F - $400,738,009Frozen
69.3%
G - $274,092,705Gravity
66%
E - $173,398,518Elf
65.8%
L - $226,277,068Logan
64.2%
J - $260,000,000Jaws
62%
H - $227,946,274Hancock
61.7%
Letter - Domestic Grosses One-Word Movie % Correct
Y - $40,218,899Yentl
45.6%
N - $150,157,400Neighbors
43.1%
Z - $341,268,248Zootopia
41.3%
U - $293,004,164Up
39.7%
V - $213,371,003Venom
39%
C - $244,082,982Cars
34.9%
O - $89,107,235Oblivion
30.6%
R - $206,445,654Ratatouille
29.5%
K - $79,957,634 Knowing
15.6%
W - $223,808,164Wall-E
15.3%
M - $336,045,770Minions
14.1%
P - $141,579,773Pocahontas
12.1%
Q - $31,691,811Quarantine
7.6%

You're not logged in!

Compare scores with friends on all Sporcle quizzes.
OR
Log In

You Might Also Like...

Show Comments

Extras

Top Quizzes Today


Score Distribution

Your Account Isn't Verified!

In order to create a playlist on Sporcle, you need to verify the email address you used during registration. Go to your Sporcle Settings to finish the process.

Report this User

Report this user for behavior that violates our Community Guidelines.

Details: